000 00360nam a2200145Ia 4500
008 230917s9999||||xx |||||||||||||| ||und||
040 _e65420
_aMAIN
041 _aEnglish
082 _a301.4 D935D
100 _aDurkheim, Emile
245 4 _aThe divison of labour in society
260 _aNew York
_bFree Press
_c1933
300 _axxiv, 439 p.
942 _cBK
999 _c51360
_d51360